Sanskrit-wörterbuch in kürzerer fassung / (Record no. 152297)
[ view plain ]
| 000 -LEADER | |
|---|---|
| campo de control de longitud fija | 00678nam a22001695i 4500 |
| 001 - NÚMERO DE CONTROL | |
| campo de control | 152297 |
| 003 - IDENTIFICADOR DE NÚMERO DE CONTROL | |
| campo de control | ES-MaACL |
| 005 - FECHA Y HORA DE LA ÚLTIMA TRANSACCIÓN | |
| campo de control | 20230906204629.0 |
| 008 - DATOS DE LONGITUD FIJA--INFORMACIÓN GENERAL | |
| campo de control de longitud fija | 051014m18791889ru | |||||||| ||ger d |
| 040 ## - FUENTE DE CATALOGACIÓN | |
| Centro catalogador/agencia de origen | CAM |
| Lengua de catalogación | spa |
| Centro/agencia transcriptor | CAM |
| 100 1# - ENTRADA PRINCIPAL--NOMBRE DE PERSONA | |
| Nombre de persona | Böhtlingk, Otto. |
| 9 (RLIN) | 126268 |
| 245 10 - MENCIÓN DEL TÍTULO | |
| Título | Sanskrit-wörterbuch in kürzerer fassung / |
| Mención de responsabilidad, etc. | bearbeitet von Otto Böhtlingk. |
| 260 ## - PUBLICACIÓN, DISTRIBUCIÓN, ETC. | |
| Lugar de publicación, distribución, etc. | St. Petersburg : |
| Nombre del editor, distribuidor, etc. | Buchdruckerei der Kaiserlichen Akademie der Wissenschaften, |
| Fecha de publicación, distribución, etc. | 1879-1889. |
| 300 ## - DESCRIPCIÓN FÍSICA | |
| Extensión | 7 v. ; |
| Dimensiones | 31 cm. |
| 650 #4 - PUNTO DE ACCESO ADICIONAL DE MATERIA--TÉRMINO DE MATERIA | |
| Término de materia o nombre geográfico como elemento de entrada | Lengua sánscrita- |
| Subdivisión general | Diccionarios- |
| -- | Alemán. |
| 9 (RLIN) | 156333 |
| 852 ## - LOCALIZACIÓN | |
| Ubicación | ES-MaACL |
| Número de control de estantería | F-13651-54 |
| Nota libre | -- Enc. pasta española, conservando algunos la cub. original |
| -- | -- Enc. 7 t. en 4 v. |
| Estatus retirado | Estado de pérdida | Estado de daño | No para préstamo | Colección | Biblioteca de origen | Biblioteca actual | Ubicación en estantería | Fecha de adquisición | Total de préstamos | Signatura topográfica completa | Código de barras | Visto por última vez | Precio de reemplazo | Tipo de ítem Koha |
|---|---|---|---|---|---|---|---|---|---|---|---|---|---|---|
| Libros del s. XIX | Biblioteca del Ateneo de Madrid | Biblioteca del Ateneo de Madrid | Sala Pecera Planta 2 | 17/01/2008 | F-13651-54 | 1159011 | 23/02/2023 | 23/02/2023 | Libro impreso antiguo |
